[Event "Krakow op-A 32nd"]
[Site "Krakow"]
[Date "2021.12.29"]
[Round "3"]
[White "Raczynski, Krzysztof"]
[Black "Majek, Kacper"]
[Result "1-0"]
[WhiteElo "2194"]
[BlackElo "2100"]
[PlyCount "103"]
[EventDate "2021.12.27"]
[EventType "swiss"]
[EventRounds "9"]
[EventCountry "POL"]
[SourceTitle "EXT 2023"]
[Source "ChessBase"]
[SourceDate "2022.10.05"]
[SourceVersion "1"]
[SourceVersionDate "2022.10.05"]
[SourceQuality "1"]

1. e4 c5 2. Nf3 d6 3. d4 cxd4 4. Nxd4 Nf6 5. Nc3 a6 6. a3 e5 7. Nf5 d5 8. Bg5 d4 9. Bxf6 gxf6 10. Nb1 Bxf5 11. exf5 Qd5 12. Qd3 Nd7 13. Nd2 Bh6 14. Ne4 Rc8 15. c4 Rxc4 16. Be2 Rc6 17. b4 Ke7 18. 0-0 Rhc8 19. Bd1 Rc1 20. Bb3 Qb5 21. Qxb5 axb5 22. Rfxc1 Rxc1+ 23. Rxc1 Bxc1 24. a4 bxa4 25. Bxa4 Ba3 26. b5 b6 27. f3 Nc5 28. Nxc5 bxc5 29. Bb3 Kd6 30. Kf2 Bb4 31. Ke2 Ba5 32. Bxf7 h6 33. Bc4 Bb4 34. Kd3 Ba5 35. Ke4 Bb6 36. g4 Ba5 37. h4 Bb6 38. g5 fxg5 39. hxg5 hxg5 40. f6 Bd8 41. Kf5 Kd7 42. Kxg5 e4 43. fxe4 d3 44. Kf5 d2 45. Bb3 c4 46. Bc2 Bb6 47. e5 Bd8 48. e6+ Ke8 49. b6 Kf8 50. b7 Bc7 51. e7+ Kf7 52. Ba4 1-0

[Event "Lodz Jan Krzysztof Duda Cup"]
[Site "Lodz"]
[Date "2021.11.13"]
[Round "5"]
[White "Majek, Kacper"]
[Black "Kozak, Antoni"]
[Result "0-1"]
[WhiteElo "2100"]
[BlackElo "2356"]
[PlyCount "80"]
[EventDate "2021.11.13"]
[EventType "swiss (rapid)"]
[EventRounds "9"]
[EventCountry "POL"]
[SourceTitle "CBM 205 Extra"]
[Source "ChessBase"]
[SourceDate "2022.01.31"]
[SourceVersion "1"]
[SourceVersionDate "2022.01.31"]
[SourceQuality "1"]

1. b3 d5 2. Bb2 Nf6 3. e3 Bf5 4. Nf3 e6 5. c4 c6 6. Nc3 h6 7. d4 Bd6 8. Bd3 Bxd3 9. Qxd3 Nbd7 10. 0-0 0-0 11. Rad1 Qe7 12. e4 dxe4 13. Nxe4 Nxe4 14. Qxe4 Rad8 15. Rfe1 Rfe8 16. d5 cxd5 17. cxd5 e5 18. Nh4 g6 19. g3 Kh7 20. Qe2 f5 21. a3 Qf7 22. Qb5 Rb8 23. b4 a6 24. Qa4 Rbc8 25. Rc1 Nb6 26. Qb3 Rcd8 27. Red1 Nd7 28. a4 e4 29. f4 g5 30. Ng2 gxf4 31. Nxf4 Bxf4 32. gxf4 Nf6 33. Be5 Rg8+ 34. Kh1 Ng4 35. Rc2 Rd7 36. h3 Qh5 37. d6 e3 38. Rh2 Nf2+ 39. Rxf2 Qxh3+ 40. Rh2 Qf3+ 0-1

[Event "Rubinstein Memorial op-A 57th"]
[Site "Polanica Zdroj"]
[Date "2021.08.19"]
[Round "6"]
[White "Majek, Kacper"]
[Black "Rozentalis, Eduardas"]
[Result "1/2-1/2"]
[WhiteElo "2011"]
[BlackElo "2523"]
[PlyCount "68"]
[EventDate "2021.08.14"]
[EventType "swiss"]
[EventRounds "9"]
[EventCountry "POL"]
[SourceTitle "CBM 203 Extra"]
[Source "ChessBase"]
[SourceDate "2021.09.30"]
[SourceVersion "1"]
[SourceVersionDate "2021.09.30"]
[SourceQuality "1"]

1. e4 c6 2. d4 d5 3. exd5 cxd5 4. Bd3 Nc6 5. c3 Qc7 6. Ne2 Bg4 7. 0-0 e6 8. Qe1 Bxe2 9. Qxe2 Bd6 10. g3 Nf6 11. Nd2 0-0 12. Nf3 a6 13. a4 Rfe8 14. Re1 h6 15. Bd2 Nd7 16. Bc2 Rac8 17. Kg2 Re7 18. Nh4 Ree8 19. Rac1 Be7 20. Nf3 Bf6 21. Qd3 Nf8 22. h4 e5 23. dxe5 Nxe5 24. Nxe5 Bxe5 25. Re2 Bf6 26. Rce1 Rxe2 27. Qxe2 d4 28. Bf5 dxc3 29. bxc3 Rd8 30. Be4 Qd7 31. Be3 Bxc3 32. Rb1 Qxa4 33. Bxb7 a5 34. Qf3 Bb4 1/2-1/2

[Event "Rubinstein Memorial op-A 57th"]
[Site "Polanica Zdroj"]
[Date "2021.08.18"]
[Round "5"]
[White "Sergeev, Vladimir"]
[Black "Majek, Kacper"]
[Result "0-1"]
[WhiteElo "2403"]
[BlackElo "2011"]
[PlyCount "90"]
[EventDate "2021.08.14"]
[EventType "swiss"]
[EventRounds "9"]
[EventCountry "POL"]
[SourceTitle "CBM 203 Extra"]
[Source "ChessBase"]
[SourceDate "2021.09.30"]
[SourceVersion "1"]
[SourceVersionDate "2021.09.30"]
[SourceQuality "1"]

1. d4 d5 2. Nf3 Nf6 3. Bg5 e6 4. e3 Be7 5. Nbd2 0-0 6. Bd3 c5 7. c3 Nc6 8. Ne5 Nxe5 9. dxe5 Nd7 10. Bf4 Qe8 11. Qc2 f5 12. h4 c4 13. Be2 b5 14. Nf3 Nc5 15. Nd4 a5 16. a3 Bd7 17. Bg5 h6 18. Bxe7 Qxe7 19. g3 b4 20. axb4 axb4 21. 0-0 b3 22. Qb1 g5 23. hxg5 hxg5 24. Rxa8 Rxa8 25. g4 fxg4 26. Bxg4 Qh7 27. Qd1 Qe4 28. Bh3 Qxe5 29. Qh5 Qh8 30. Qg4 Qh4 31. Qg2 Kf7 32. Nf3 Qh6 33. Ne5+ Ke7 34. Nxd7 Nxd7 35. e4 dxe4 36. Re1 Rh8 37. Re3 Nf6 38. Qf1 g4 39. Qxc4 gxh3 40. Qc5+ Ke8 41. Qc8+ Ke7 42. Qc5+ Kf7 43. Qc7+ Kg6 44. Qe5 h2+ 45. Kh1 Rd8 0-1

[Event "Rubinstein Memorial op-A 57th"]
[Site "Polanica Zdroj"]
[Date "2021.08.16"]
[Round "3"]
[White "Kowalczyk, Rafal"]
[Black "Majek, Kacper"]
[Result "0-1"]
[WhiteElo "2272"]
[BlackElo "2011"]
[PlyCount "62"]
[EventDate "2021.08.14"]
[EventType "swiss"]
[EventRounds "9"]
[EventCountry "POL"]
[SourceTitle "CBM 203 Extra"]
[Source "ChessBase"]
[SourceDate "2021.09.30"]
[SourceVersion "1"]
[SourceVersionDate "2021.09.30"]
[SourceQuality "1"]

1. e4 c5 2. c3 Nf6 3. e5 Nd5 4. Nf3 d6 5. Bc4 Nb6 6. Bb3 c4 7. Bc2 dxe5 8. Nxe5 Qd5 9. Qe2 f6 10. Nf3 Qe6 11. d4 cxd3 12. Bxd3 Qxe2+ 13. Bxe2 e5 14. Nbd2 Be6 15. Nb3 a5 16. Be3 N8d7 17. Bb5 Kf7 18. Rd1 a4 19. Nc1 Rc8 20. a3 Bc5 21. 0-0 Bxe3 22. fxe3 Ke7 23. Nd2 Nc5 24. Nd3 Rhd8 25. Nb4 Rd6 26. Nf3 Rcd8 27. Rxd6 Rxd6 28. Re1 Bc4 29. Bxc4 Nxc4 30. Nd4 exd4 31. exd4+ Re6 0-1

[Event "Warsaw Najdorf Memorial op-A"]
[Site "Warsaw"]
[Date "2021.07.14"]
[Round "5"]
[White "Chylewski, Patryk"]
[Black "Majek, Kacper"]
[Result "1-0"]
[WhiteElo "2290"]
[BlackElo "2018"]
[PlyCount "61"]
[EventDate "2021.07.10"]
[EventType "swiss"]
[EventRounds "9"]
[EventCountry "POL"]
[SourceTitle "EXT 2022"]
[Source "ChessBase"]
[SourceDate "2021.10.06"]
[SourceVersion "1"]
[SourceVersionDate "2021.10.06"]
[SourceQuality "1"]

1. d4 d5 2. c4 e6 3. Nc3 Nf6 4. Nf3 Be7 5. Bf4 0-0 6. e3 c5 7. dxc5 Bxc5 8. Qc2 Nc6 9. 0-0-0 Qa5 10. Kb1 dxc4 11. Bxc4 a6 12. Ne4 Be7 13. Bd6 Bxd6 14. Nxf6+ gxf6 15. Rxd6 Qc5 16. Rhd1 b5 17. Qe4 Qxc4 18. Qxc4 bxc4 19. Rxc6 Bb7 20. Rxc4 Kh8 21. Ne1 Rfd8 22. Rxd8+ Rxd8 23. Rd4 Bd5 24. f3 f5 25. b3 Rb8 26. Kb2 Kg7 27. Nd3 Kf6 28. Nf4 Ba8 29. Rd6 Bb7 30. Rb6 Ke5 31. b4 1-0